000 00464nam a2200181Ia 4500
003 GCL
008 140319s9999 xx 000 0 eng d
040 _aGCL /
_cGCL
082 0 4 _a843
_bJ R
100 1 _aRINALDI, ANGELO
245 1 0 _aLES JARDINS DU CONSULAT /
_cRINALDI, ANGELO
260 _a[S.N] :
_bFOLIO ،
_c1987
300 _a279 P
490 _aCOLLECTION FOLIO CLASSIQUE
_v0
650 0 4 _aLITERATURE
650 0 4 _aFRENCH LITERATURE
942 _2ddc
_cBK
999 _c21608
_d21608